The divorce between the sciences and the humanities / (Record no. 111857)

MARC details
000 -LEADER
campo de control de longitud fija 00841cam a2200253Ia 4500
001 - NÚMERO DE CONTROL
campo de control 92279
005 - FECHA Y HORA DE LA ÚLTIMA TRANSACCIÓN
campo de control 20230411090050.0
008 - DATOS DE LONGITUD FIJA--INFORMACIÓN GENERAL
campo de control de longitud fija 830923s1974 iluc s000 0 eng d
035 ## - NÚMERO DE CONTROL DEL SISTEMA
Número de control de sistema (OCoLC)ocm09942092
040 ## - FUENTE DE CATALOGACIÓN
Centro catalogador/agencia de origen IAF
Centro/agencia transcriptor IAF
Centro/agencia modificador AU@
029 1# - OTRO NÚMERO DE CONTROL DE SISTEMA (OCLC)
Identificador de la biblioteca OCLC AU@
Número de control de sistema 000010558175
035 ## - NÚMERO DE CONTROL DEL SISTEMA
Número de control de sistema (OCoLC)9942092
082 04 - NÚMERO DE LA CLASIFICACIÓN DECIMAL DEWEY
Número de clasificación 001
Número de edición 20
049 ## - FONDOS LOCALES (OCLC)
Biblioteca depositaria GRAL
100 1# - ENTRADA PRINCIPAL--NOMBRE DE PERSONA
Nombre de persona Berlin, Isaiah,
Fechas asociadas al nombre 1909-1997
245 14 - MENCIÓN DEL TÍTULO
Título The divorce between the sciences and the humanities /
Mención de responsabilidad, etc. by Sir Isaiah Berlin.
260 ## - PUBLICACIÓN, DISTRIBUCIÓN, ETC.
Lugar de publicación, distribución, etc. [Urbana, Ill. :
Nombre del editor, distribuidor, etc. University of Illinois,
Fecha de publicación, distribución, etc. 1974]
300 ## - DESCRIPCIÓN FÍSICA
Extensión 44 p. :
Otras características físicas ports. ;
Dimensiones 25 cm.
440 #0 - MENCIÓN DE SERIE/PUNTO DE ACCESO ADICIONAL--TÍTULO
Título Tykociner memorial lecture ;
Designación de volumen o secuencia 2
500 ## - NOTA GENERAL
Nota general "The second Tykociner memorial lecture, University of Illinois, 112 Gregory Hall, March 14, 1974, 8:00 p.m."
650 #0 - PUNTO DE ACCESO ADICIONAL DE MATERIA--TÉRMINO DE MATERIA
Término de materia o nombre geográfico como elemento de entrada Science and the humanities.
942 ## - ELEMENTOS DE ENTRADA SECUNDARIOS (KOHA)
Fuente del sistema de clasificación o colocación Clasificación de Library of Congress
Tipo de ítem Koha
994 ## -
-- C0
-- DRFGD
Holdings
Estatus retirado Estado de pérdida Fuente del sistema de clasificación o colocación Estado de daño No para préstamo Colección Biblioteca de origen Biblioteca actual Ubicación en estantería Fecha de adquisición Código de barras Visto por última vez Copia número Tipo de ítem Koha
    Clasificación de Library of Congress     Automatización y Procesos Técnicos Biblioteca Juan Bosch Biblioteca Juan Bosch Automatización y Procesos Técnicos (1er. Piso) 11/04/2023 00000085586 17/02/2019 1